000 00556nam a2200217Ia 4500
005 20241129120321.0
008 241129s9999||||xx |||||||||||||| ||und||
020 _a9789394902305
037 _aTB
040 _aSDCL
_beng
_cSDCL
041 _ahin
_2hin
084 _aO152,6N26 R2
_qSDCL
100 _aSingh Namvar
_9392118
245 0 _aSamay Se Samvad
260 _aDelhi
_bRajkamal prakashan India
_c2022
300 _a189p
365 _aINR
_b695
650 _aHindi
942 _cTB
_hO152,6N26 R2
999 _c1234309
_d1234309